00685 2200241 4500001002100000005001500021035002000036007000300056008004100059020001800100082000800118084001400126100002800140245006000168250001200228300004100240600004200281264003300323336002100356337003000377338002300407990001300430INLIS00000000112172820251107104050 a0010-1125000085ta251107 0 ind a9786025586606 a428 a428 SIN b0 aTutun SinagaePengarang1 aBahasa Inggris Untuk Ilmu-ilmu Eksakta /cSinaga Tuntun aEdisi 1 ax, 86 halaman :bilustrasi ;c24 cm. 4aBahasa Inggris - Studi dan pengajaran aYogyakarta :bTEXTIUM,c2022 2rdacontentaTeks 2rdamediaaTanpa Perantara 2rdacarrieraVolume a25/00101